|
|
|
|
| LEADER |
01225nam a2200349Ia 4500 |
| 001 |
EBC3035140 |
| 003 |
MiAaPQ |
| 005 |
20200520144314.0 |
| 006 |
m o d | |
| 007 |
cr cn||||||||| |
| 008 |
050404s2005 ilu s 001 0 eng d |
| 010 |
|
|
|z 2005009391
|
| 020 |
|
|
|z 1572484985
|
| 035 |
|
|
|a (MiAaPQ)EBC3035140
|
| 035 |
|
|
|a (Au-PeEL)EBL3035140
|
| 035 |
|
|
|a (CaPaEBR)ebr10092053
|
| 035 |
|
|
|a (OCoLC)63670473
|
| 040 |
|
|
|a MiAaPQ
|c MiAaPQ
|d MiAaPQ
|
| 050 |
|
4 |
|a KF1380.Z9
|b W368 2005
|
| 082 |
0 |
4 |
|a 346.73/0668
|2 22
|
| 100 |
1 |
|
|a Warda, Mark.
|
| 245 |
1 |
4 |
|a The complete limited liability company kit (+ CD-ROM)
|h [electronic resource] /
|c by Mark Warda.
|
| 250 |
|
|
|a 1st ed.
|
| 260 |
|
|
|a Naperville, Ill. :
|b Sphinx Pub.,
|c 2005.
|
| 300 |
|
|
|a xvii, 269 p.
|
| 500 |
|
|
|a Includes index.
|
| 533 |
|
|
|a Electronic reproduction. Ann Arbor, MI : ProQuest, 2015. Available via World Wide Web. Access may be limited to ProQuest affiliated libraries.
|
| 650 |
|
0 |
|a Private companies
|z United States
|v Popular works.
|
| 650 |
|
0 |
|a Finance, Personal.
|
| 655 |
|
4 |
|a Electronic books.
|
| 710 |
2 |
|
|a ProQuest (Firm)
|
| 856 |
4 |
0 |
|u https://ebookcentral.proquest.com/lib/matrademy/detail.action?docID=3035140
|z Click to View
|